000 00683cab a2200217 4500
001 W5685
008 090401t xxu||||| |||| 00| 0 eng d
035 _a(Sirsi) u72690
041 _aeng
245 _aChartered surveyors forge links with European construction professionals
260 _c(PR101/93cons) 10 May 1993(2)
350 _a0
490 _aRICS Press Release
_v(PR101/93cons) 10 May 1993(2)
520 _aThe RICS will attend the first European Congress of Construction Economists.
650 _aABOUT RICS-RICS MEMBERS
650 _aEUROPE
650 _aRICS
690 _aMANAGEMENT-BUSINESS MANAGEMENT-PROFESSIONAL PRACTICE
942 _n0
948 _c04/03/1997
999 _c45942
_d45942